000 00783nas a2200241 4500
001 BR6007984
003 BR-BrBNA
005 20231205082045.0
007 ta
008 230509b bl.|||p| |||| 00| 00por d
040 _aBR-BrBNA
_bpor
_cBiblioteca Nacional de Agricultura
041 _a(Pt)
072 _aF25
100 1 _aBrauner, J.L.
245 1 _aExtracao do aluminio pelas solucoes de cloreto de potassio normal e acetato de amonio normal PH 4,8 em solos do Rio Grande do Sul [Brasil]
650 _aSOLO
650 _aALUMINIO
650 _aCLORETO DE POTASSIO
650 _aRIO GRANDE DO SUL
773 0 _tAgronomia Sulriograndense (Brazil)
_xISSN 0400-8111
_g(1975), v. 11(2) p. 303-311
_wBR6007984
909 _a202311
_bLúcia
_c55
_dLúcia Elande
942 _2AGRIS
_n0
_cANA
999 _c88872
_d88872